000 00291 a2200133 4500
000 nam a22 7a 4500
100 _aFoster, N
110 _aFoster, N
245 _aTourism Geography
250 _aLatest edition
260 _bPINAKIN
_c2027
264 _bPINAKIN
_c2027
942 _cBK
999 _c396815
_d396815